Význam divízie maloobchodu na Slovensku

Enregistré dans:
Détails bibliographiques
Auteur principal: Závadský, Cyril, 1971-
Autres auteurs: Megyesiová, Silvia, 1969-
Format: Chapitre de livre
Langue:slovaque
Tags: Ajouter un tag
Pas de tags, Soyez le premier à ajouter un tag!

MARC

LEADER 00000nla a2200000 4500
001 0214607
005 20240502073604.7
041 0 |a slo 
044 |a SK 
245 1 0 |a Význam divízie maloobchodu na Slovensku  |c Cyril Závadský, Silvia Megyesiová 
500 |a Abstrakt 
100 1 |a Závadský, Cyril, 1971- 
700 1 |a Megyesiová, Silvia, 1969-